Squadre di club con più gol in Finale dei Mondiali - Statistics

Statistiche generali
  • Questo quiz è stato fatto 76 volte
  • Il punteggio medio è 8 su 18
Statistiche sulle risposte
Nazione Gol segnati Squadra % Corretto
Italia 8 Inter
97%
Italia 7 Juventus
97%
Francia 6 Paris Saint-Germain
97%
Germania 4 Bayern Monaco
81%
Spagna 2 Real Madrid
81%
Italia 2 Lazio
71%
Brasile 5 Santos
68%
Italia 2 Bologna
42%
Uruguay 2 Peñarol
31%
Spagna 2 Valencia
31%
Uruguay 2 Nacional
21%
Brasile 2 San Paolo
21%
Brasile 2 Botafogo
15%
Inghilterra 4 West Ham Utd
10%
Ungheria 2 Honvéd
6%
Brasile 2 Vasco da Gama
2%
Germania 2 Rot-Weiss Essen
0%
Italia 2 Triestina
0%
Nessun quiz corrispondente trovato
Distribuzione punteggi
Percentuale di utenti per punteggio
Percentile per numero di risposta
I tuoi punteggi nel tempo
Non hai fatto questo quiz